000 00402nam a22001457a 4500
999 _c257156
_d257155
003 OSt
005 20230817094332.0
008 180814b xxu||||| |||| 00| 0 eng d
020 _a9780195301755
040 _cN/A
100 _aRonald Pamela C
245 _aTomorrow's table:
_b organic farming, genetics and the future of food
260 _aNew York
_bOxford University Press
_c2008
942 _2lcc
_cBK